Bảo tồn và phát huy giá trị văn hóa lễ hội cổ truyền ở thành phố hội an /
Mot so van đe li luan chung ve bao ton va phat huy gia tri văn hoa cua le hoi cổ truyen.
Spremljeno u:
| Glavni autor: | |
|---|---|
| Daljnji autori: | |
| Format: | Disertacija |
| Jezik: | Vietnamese |
| Izdano: |
ĐHĐN-Trương ĐH ngoai ngữ 2014.
|
| Teme: | |
| Oznake: |
Dodaj oznaku
Bez oznaka, Budi prvi tko označuje ovaj zapis!
|
| Thư viện lưu trữ: | Mạng thư viện Đại học Đà Nẵng |
|---|
| LEADER | 01659na a2200373 4500 | ||
|---|---|---|---|
| 001 | 000032137 | ||
| 003 | 8128 | ||
| 005 | 20230407160947.0 | ||
| 008 | 151001s2014 000 vie | ||
| 040 | |a LNN | ||
| 041 | |a vie | ||
| 082 | |a 959.7306 |b NG-X | ||
| 100 | |a Nguyễn Hữu Xuân | ||
| 245 | 0 | |a Bảo tồn và phát huy giá trị văn hóa lễ hội cổ truyền ở thành phố hội an / |c Nguyễn Hữu Xuân. | |
| 246 | |a Luan văn tot nghiep | ||
| 260 | |b ĐHĐN-Trương ĐH ngoai ngữ |b 2014. | ||
| 300 | |a 30cm : |b 100 tr;. | ||
| 502 | |a Luan văn sinh vien | ||
| 505 | |a Chuyen nghanh Quoc te hoc | ||
| 520 | |a Mot so van đe li luan chung ve bao ton va phat huy gia tri văn hoa cua le hoi cổ truyen. |x Thưc trạng bảo ton va phat huy gia tri văn hoa le hoi co truyen ơ tp Hoi An |y Mot so giai phap nham bao ton va phat huy gia trị văn hoa le hoi co truyen trong đơi song xa hoi hien nay ở Thanh pho Hoi An. | ||
| 650 | |a Văn hoa |b Bao ton va phat trien |c Le hoi co truyen Hoi An. | ||
| 653 | |a Nguyễn Hữu Xuân, 2014, Khoa QTH, văn hóa | ||
| 700 | |a TS.Ho Vu Khue Ngọc |b huong dan | ||
| 852 | |b Luan văn tot nghiep |c SV Khoa Quoc te hoc | ||
| OWN | |a LNN | ||
| AVA | |a UDN50 |b LNN |d 959.7306 NG-X |e available |t Error 5001 Not defined in file expand_doc_bib_avail. |f 2 |g 0 |h N |i 0 | ||
| 999 | |a From the UDN01 | ||
| AVA | |a UDN50 |b LNN |d 959.7306 NG-X |e available |t Error 5001 Not defined in file expand_doc_bib_avail. |f 2 |g 0 |h N |i 0 | ||
| TYP | |a Dissertation | ||
| TYP | |a Printed language | ||
| 980 | |a Mạng thư viện Đại học Đà Nẵng | ||